000 00907nam a22001815i 4500
001 161529
003 ES-MaACL
005 20230906212315.0
008 020128s1872 sp |||| | spa d
040 _aCAM
_bspa
_cCAM
100 1 _aPastorfido, Miguel.
_989537
245 1 3 _aUn novio cogido por los cabellos
_b: comedia en un acto y en prosa /
_carreglada del francés por Miguel Pastorfido.
260 _aMadrid :
_b[s.n.],
_c1872 (
_fImprenta de Diego Valero)
300 _a29 p. ;
_c20 cm.
500 1 _aEstrenada en el Teatro de Variedades la noche del 9 de setiembre de 1872.
596 1 _aEn verso de port. consta: La propiedad de esta obra pertenece á la Galería Lírico-Dramática titulada El Chiste ...
852 _aES-MaACL
_jF-8559(8)
_z-- Enc. pasta española
_q-- Falto de la cub. original
_z-- Enc. en un vol. facticio formando parte de la col. facticia "Teatro español moderno", v. 11
999 _c161529
_d161529